000 01664nam0a2200361 4500
001 RU\NLR\BIBL_A\012594777
005 20211203171342.0
010 _a978-5-00169-585-1
_92021
021 _aRU
_bКН-П-21-032038
_9КН-П-21-2488
035 _a(NLR Aleph) 012594777
090 _a12563442
_c12563442
100 _a20210912d2021 a y0rusy50 ca
101 1 _arus
_ceng
102 _aRU
105 _ay z 000zy
181 0 _ai
_baxxe
182 0 _an
200 1 _aМагия утра
_eкак первый час дня определяет ваш успех
_fХэл Элрод
_gперевод с английского Оксаны Медведь
203 _aТекст
_bвизуальный
_cнепосредственный
205 _a9-е изд.
210 _aМосква
_cМанн, Иванов и Фербер
_d2021
215 _a234, [2] с.
_d21
300 _aЗагл. и авт. ориг.: The Miracle morning: the not-so-obvious secret guaranteed to transform your life (before 8 AM)/ Hal Elrod
320 _aБиблиогр. в подстроч. примеч.
333 _a12+
454 0 _12001#$aThe Miracle morning$ethe not-so-obvious secret guaranteed to transform your life (before 8 AM)$fHal Elrod
_1700#1$aElrod$bH.$gHal
606 1 _aУспех
_xСоциально-психологические исследования
_jПопулярные издания
_2nlr_sh1
_2nlr_sh2
_3RU\NLR\AUTH\661249276
686 1 _aС550.354я9
700 1 _aЭлрод
_bХ.
_f1979-
_gХэл
942 _cBOOK
980 _aNB